|
|
|
|
| LEADER |
00000nas a2200000 4500 |
| 001 |
ssj0012363 |
| 003 |
WaSeSS |
| 005 |
20200512172242.0 |
| 006 |
m d |
| 007 |
cr n |
| 008 |
790525d19792001mduqr p s 0 a0eng c |
| 010 |
|
|
|a 80644998
|z sc 80000108
|z sn 79002968
|
| 015 |
|
|
|a 013479350
|2 dnb
|
| 016 |
7 |
|
|a 013479350
|2 DE-101
|
| 016 |
7 |
|
|a 604343-4
|2 DE-600
|
| 016 |
7 |
|
|a 7909330
|2 DNLM
|
| 016 |
7 |
|
|a H19090000
|z H14470000
|2 DNLM
|
| 022 |
|
|
|l 0192-2262
|y 0192-2262
|
| 032 |
|
|
|a 498950
|b USPS
|
| 035 |
|
|
|a (WaSeSS)ssj0012363
|
| 037 |
|
|
|b Fulfillment Operations, Aspen Systems Corp., 16792 Oakmont Ave., Gaithersburg, MD. 20760
|
| 040 |
|
|
|a NSD
|b eng
|c NSD
|d NLM
|d DLC
|d NSD
|d NST
|d OCL
|d NST
|d RCS
|d AIP
|d NST
|d AIP
|d NST
|d NSD
|d NST
|d NSD
|d NLM
|d OCL
|d EBZ
|d OCLCQ
|d GBVCP
|d OCLCQ
|d OCLCO
|d OCLCF
|d OCLCQ
|d RDF
|d OCLCQ
|d OCLCO
|d OCLCA
|d WaSeSS
|
| 042 |
|
|
|a pcc
|a nsdp
|
| 050 |
0 |
0 |
|a RA971.33
|b .H66
|
| 060 |
0 |
0 |
|a W1
|b HO817E
|
| 082 |
0 |
|
|a 362.1/1/0687
|
| 210 |
0 |
|
|a Hosp. mater. manage. q.
|
| 222 |
|
0 |
|a Hospital materiel management quarterly
|
| 245 |
0 |
0 |
|a Hospital materiel management quarterly
|h [electronic resource].
|
| 246 |
1 |
3 |
|a HMMQ
|f 1979-
|
| 260 |
|
|
|a [Rockville, Md. etc.]
|b Aspen Systems Corp.
|
| 362 |
0 |
|
|a v. 1- Aug. 1979-
|
| 362 |
1 |
|
|a Ceased with v. 22, no. 3 published in 2001.
|
| 506 |
|
|
|a License restrictions may limit access.
|
| 650 |
|
0 |
|a Hospitals
|x Materials management
|v Periodicals.
|
| 650 |
|
7 |
|a Hospitals
|x Materials management.
|2 fast
|0 (OCoLC)fst00961386
|
| 650 |
|
7 |
|a Krankenhaus.
|2 stw
|
| 650 |
|
7 |
|a Materialwirtschaft.
|2 stw
|
| 650 |
|
7 |
|a USA.
|2 stw
|
| 650 |
|
7 |
|a Betriebswirtschaftslehre.
|2 stw
|
| 650 |
|
2 |
|a Materials Management, Hospital.
|
| 655 |
|
0 |
|a Electronic journals.
|
| 710 |
2 |
|
|a Aspen Systems Corporation.
|
| 850 |
|
|
|a AAP
|a AzU
|a C
|a CaQMU
|a DGW
|a DLC
|a GAT
|a IaU
|a NIC
|a NbU-M
|a ViRCU-H
|a WaU
|
| 856 |
4 |
0 |
|z Full text available from Research Library: 02/01/1987 to 02/28/2001
|u https://search.proquest.com/publication/48502
|